Normal view
MARC view
Entry Personal Name
001 - CONTROL NUMBER
- control field: 8792
003 - CONTROL NUMBER IDENTIFIER
- control field: BD-RjUL
005 - DATE AND TIME OF LATEST TRANSACTION
- control field: 20230905114850.0
008 - FIXED-LENGTH DATA ELEMENTS
- fixed length control field: 230905|| aca||aabn | a|a d
040 ## - CATALOGING SOURCE
- Original cataloging agency: BD-RjUL
- Transcribing agency: BD-RjUL
100 ## - HEADING--PERSONAL NAME
- Personal name: Husain, Zakir,
- Dates associated with a name: 1897-1969
- General subdivision: Presidents
- Geographic subdivision: India
670 ## - SOURCE DATA FOUND
- Source citation: Work cat.: (BD-RjUL)81853: صدیقی٫ رشید احمد ;; Siddiqui, Rashid Ahmed 8790, ہمارے ذاکر صاحب ;; Hamāre Z̲ākir Ṣāḥib / , 1973